00946 2200181 4500001002100000005001500021035002000036245009900056100001900155250001700174300002800191260004200219082001100261084001700272020002200289650002200311520043100333INLIS00000000000007820240426095421 a0010-04240000221 aSeri Muhammad SAW, Teladan Umat Islam :bNabi yang Dilimpahi Banyak Mukjizat /cMutiara Aryani0 aMutiara Aryani acetakan ke-1 a32 hlm :bilus ;c22 cm aJakarta :bBhuana Ilmu Populer,c2019 a297.63 a297.63 MUT s a978-623-216-608-0 4a25 Nabi dan Rasul aSeri Muhammad SAW, Teladan Umat Islam mengisahkan cerita pendek tentang kehidupan Rasulullah sebagai teladan seluruh umat Islam. Di buku Nabi yang Dilimpahi Banyak Mukjizat, kamu bisa membaca tiga cerita, “Bulan yang Terbelah”, “Air yang Menghapus Dahaga”, dan “Berkah di Perang Khandaq”. Yuk koleksi semua judulnya! Insya Allah kamu akan mengenal lebih jauh tentang kebaikan Rasulullah sang teladan umat Islam.